| 000 | 00937nam a2200241Ia 4500 | ||
|---|---|---|---|
| 999 |
_c53198 _d53198 |
||
| 001 | 20239 | ||
| 003 | GE_BSU | ||
| 005 | 20200630132137.0 | ||
| 008 | 181216s1988||||ge |||||||||||||| ||geo|| | ||
| 020 | _a55050055527 | ||
| 040 | _cGE_BSU | ||
| 041 | _ageo | ||
| 080 | _a81'25 ფ-25 | ||
| 100 |
_aფანჯიკიძე, დ. (დალი) _98908 |
||
| 245 |
_aთარგმანის თეორია და პრაქტიკა / _cდალი ფანჯიკიძე ; რედ. ნ.სუხიტაშვილი. |
||
| 264 |
_aთბილისი : _bგანათლება, _c1988. |
||
| 300 |
_a230 გვ. ; _c22 სმ. |
||
| 541 | _h8 ლ. | ||
| 653 | _aთარგმანის თეორია და პრაქტიკა | ||
| 653 | _aქართული ენა | ||
| 700 |
_aსუხიტაშვილი, ნ. _eრედაქტორი _98909 |
||
| 942 |
_cBK _2udc |
||